000 00921nam a2200289 i 4500
003 EG-GICUC
005 20260121101419.0
008 251203s1978 cau||||fr|||| 001 0 eng d
040 _aEG-GiCUC
_beng
_cEG-GiCUC
_dEG-GiCUC
_erda
041 0 _aeng
082 0 4 _221
_a343.1
_bPE
092 0 4 _221
099 _aLaw1 10 330 PN 1978
245 1 0 _aPenal Code Of California :
_bPeace Officers Abridged Edition /
_cBy Evelle J. Younger.
250 _aSixth Edition
264 1 _aCalifornia :
_bCalifornia Office Of State Printing,
_c1978.
300 _a373 pages ;
_c24 cm.
336 _2rda content
_atext
337 _2rda media
_aComputer
338 _2rda carrier
_aOnline Resource
546 _aText in English
650 1 4 _aCriminal law
700 1 _aYounger, Evelle J.
_eDirecteur de thèse
856 4 0 _uhttps://fll.law.cu.edu.eg/fulltext/bks/B10-01095.pdf
905 _a33
_eHassnaa
942 _2ddc
_cBK
_e21
_n0
999 _c48090
_d48090